Cultura española por Imágenes: E - Estadísticas

Estadísticas generales
  • Esta prueba ha sido intentada 315 veces
  • La puntuación promedio es 11 de 16
Estadísticas de respuestas
Imagen Respuesta % Correcto
El Corte Inglés
94%
Ebro
93%
Ester Expósito
91%
Estopa
90%
Edurne
89%
Ensaimada
89%
Enrique Iglesias
79%
El Canto del Loco
71%
Elsa Pataky
70%
Ernesto Sevilla
57%
El Escorial
54%
El Arrebato
50%
El Fary
49%
Elche
37%
Erundino
29%
Estepona
24%
No se encontraron pruebas coincidentes
Distribución de puntuación
Porcentaje de gente con cada puntuación
Porcentaje por número respondido
Historial de tus puntuaciones
No has intentado esta prueba.